Normal view MARC view

Entry Nombre personal

Number of records used in: 3

001 - NÚMERO DE CONTROL

  • campo de control: 55907

003 - IDENTIFICADOR DE NÚMERO DE CONTROL

  • campo de control: SpMaBN

005 - FECHA Y HORA DE LA ÚLTIMA TRANSACCIÓN

  • campo de control: 20240509150224.0

008 - ELEMENTOS DE DATO DE LONGITUD-FIJA

  • campo de control de longitud fija: 970217n| aijnnaabn |a aaa

016 ## - NÚMERO DE CONTROL DE UNA AGENCIA BIBLIOGRÁFICA NACIONAL

  • Número de control del registro: BNE19970686145

024 7# - IDENTIFICADOR DE OTROS ESTÁNDARES

  • Número estándar o código: http://viaf.org/viaf/73014201/
  • Fuente: viaf

024 7# - IDENTIFICADOR DE OTROS ESTÁNDARES

  • Número estándar o código: https://isni.org/isni/0000000059329119
  • Fuente: isni

024 7# - IDENTIFICADOR DE OTROS ESTÁNDARES

  • Número estándar o código: http://www.wikidata.org/entity/Q3326025
  • Fuente: wikidata

040 ## - FUENTE DE CATALOGACIÓN

  • Centro catalogador/agencia de origen: SpMaBN
  • Lengua de catalogación: spa
  • Centro/agencia transcriptor: SpMaBN
  • Normas de descripción: rdc
  • Convención/Normas de encabezamiento de materia/tesauro: embne

046 ## - FECHAS CON CODIFICACIÓN ESPECIAL

  • Fecha de nacimiento: 1866
  • Fecha de la muerte: 1927

100 1# - ENCABEZAMIENTO-NOMBRE DE PERSONA

  • Nombre de persona: Gasset, Rafael,
  • Fechas asociadas al nombre: 1866-1927

370 ## - LUGAR ASOCIADO

  • Lugar de nacimiento: Madrid
  • Número de control del registro de autoridad o número normalizado: XX450543
  • Fuente de información: Wikidata

373 ## - GRUPO ASOCIADO

  • Grupo asociado: Sociedad de Amigos de Portugal
  • Fuente de información: Wikidata

374 ## - OCUPACIÓN

  • Ocupación: Periodistas
  • Ocupación: Politicos
  • Fuente de información: Wikidata

375 ## - GÉNERO/SEXO

  • Género: Masculino
  • Fuente de información: Wikidata

377 ## - IDIOMA ASOCIADO

  • Término de lengua/lenguaje: Español

400 1# - TRAZADO DE VÉASE--NOMBRE DE PERSONA

  • Nombre de persona: Gasset y Chinchilla, Rafael,
  • Fechas asociadas al nombre: 1866-1927

400 1# - TRAZADO DE VÉASE--NOMBRE DE PERSONA

  • Nombre de persona: Gasset Chinchilla, Rafael,
  • Fechas asociadas al nombre: 1866-1927

670 ## - FUENTE DE DATOS ENCONTRADOS

  • Cita de la fuente: Iconografía Hispana
  • Información encontrada: núm. 3696 (Gasset y Chinchilla; periodista y político (1866-1927)

856 4# - LOCALIZACIÓN Y ACCESO ELECTRÓNICOS

  • Identificador Uniforme de Recursos: https://www.bne.es/es/autores/gasset-rafael
  • Texto de enlace: Escritores en la BNE